000 00663nam a2200205 a 4500
008 120416s1982 ||||||||||||||||| || u
020 _a0091475015
050 _aHT 170 Mic
100 _aGibson, Michael S
245 1 3 _aAn introduction to urban renewal
260 _aLondon
_bHutchinson
_c1982
300 _a384p. : ill.
350 _a0.00
490 _aThe Built environment series
650 0 _aURBAN RENEWAL
650 0 _aCITY PLANNING
650 _aHOUSING
700 _aLangstaff, Michael J
995 _D0.00
_FCBU-MAIN LIBRARY (Kitwe)
_H1
_I7.95
_M1
_UAVAILABLE
_ZMain Library Open Access Collection
999 _c48082
_d48082